The RICS after unification (Record no. 74270)

MARC details
000 -LEADER
fixed length control field 00987cam a2200217 4500
001 - CONTROL NUMBER
control field X125428
008 - FIXED-LENGTH DATA ELEMENTS--GENERAL INFORMATION
fixed length control field 040316n1970 000 0 eng u
035 ## - SYSTEM CONTROL NUMBER
System control number (Sirsi) u125428
245 #4 - TITLE STATEMENT
Title The RICS after unification
260 ## - PUBLICATION, DISTRIBUTION, ETC.
Date of publication, distribution, etc. 1970
490 ## - SERIES STATEMENT
Series statement Chartered Surveyor
Volume/sequential designation 103 July 1970, 1-7(8)
520 ## - SUMMARY, ETC.
Summary, etc. Reports on the merger of the Chartered Land Agents' Society (CLAS) and Chartered Auctioneers' and Estate Agents' Institute (CAEAI) with the RICS on 8 June 1970. Includes extract from letter to Her Majesty the Queen and her reply to the President following unification. Address from RICS President E J Battersby and Secretary Robert Steel. Brief history of the RICS, CLAS and CAEAI.
650 ## - SUBJECT ADDED ENTRY--TOPICAL TERM
Topical term or geographic name entry element RICS
650 ## - SUBJECT ADDED ENTRY--TOPICAL TERM
Topical term or geographic name entry element CHARTERED LAND AGENTS' SOCIETY
650 ## - SUBJECT ADDED ENTRY--TOPICAL TERM
Topical term or geographic name entry element CHARTERED AUCTIONEERS' AND ESTATE AGENTS' INSTITUTE
650 ## - SUBJECT ADDED ENTRY--TOPICAL TERM
Topical term or geographic name entry element HISTORY
650 ## - SUBJECT ADDED ENTRY--TOPICAL TERM
Topical term or geographic name entry element MERGERS
650 ## - SUBJECT ADDED ENTRY--TOPICAL TERM
Topical term or geographic name entry element PROFESSIONAL BODIES
690 ## - LOCAL SUBJECT ADDED ENTRY--TOPICAL TERM (OCLC, RLIN)
Topical term or geographic name as entry element MANAGEMENT-BUSINESS MANAGEMENT-PROFESSIONAL PRACTICE
942 ## - ADDED ENTRY ELEMENTS (KOHA)
Suppress in OPAC 0
Holdings
Withdrawn status Lost status Source of classification or shelving scheme Damaged status Not for loan Home library Current library Shelving location Date acquired Total Checkouts Full call number Barcode Date last seen Copy number Price effective from Koha item type
    Dewey Decimal Classification     London London Journal article 16/03/2004   X125428 125428-1001 06/08/2019 1 06/08/2019 Journal article